|
|
|
|
| LEADER |
01646nam a2200421 i 4500 |
| 001 |
EBC4815054 |
| 003 |
MiAaPQ |
| 005 |
20200520144314.0 |
| 006 |
m o d | |
| 007 |
cr cnu|||||||| |
| 008 |
170313s2017 njua ob 001 0 eng|d |
| 020 |
|
|
|z 9781848219878
|
| 020 |
|
|
|a 9781119388906
|q (electronic bk.)
|
| 035 |
|
|
|a (MiAaPQ)EBC4815054
|
| 035 |
|
|
|a (Au-PeEL)EBL4815054
|
| 035 |
|
|
|a (CaPaEBR)ebr11354733
|
| 035 |
|
|
|a (CaONFJC)MIL992668
|
| 035 |
|
|
|a (OCoLC)975221826
|
| 040 |
|
|
|a MiAaPQ
|b eng
|e rda
|e pn
|c MiAaPQ
|d MiAaPQ
|
| 050 |
|
4 |
|a HF1379
|b .L43 2017
|
| 082 |
0 |
|
|a 658.4
|2 23
|
| 100 |
1 |
|
|a Lebert, Didier,
|e author.
|
| 245 |
1 |
0 |
|a International specialization dynamics /
|c Didier Lebert and Hafida El Younsi.
|
| 264 |
|
1 |
|a Hoboken, New Jersey :
|b Wiley,
|c 2017.
|
| 300 |
|
|
|a 1 online resource (162 pages) :
|b color illustrations.
|
| 336 |
|
|
|a text
|2 rdacontent
|
| 337 |
|
|
|a computer
|2 rdamedia
|
| 338 |
|
|
|a online resource
|2 rdacarrier
|
| 490 |
0 |
|
|a Innovation, entrepreneurship, management series
|
| 490 |
0 |
|
|a Smart innovation set ;
|v volume 9
|
| 504 |
|
|
|a Includes bibliographical references and index.
|
| 588 |
|
|
|a Description based on online resource; title from PDF title page (ebrary, viewed March 13, 2017).
|
| 590 |
|
|
|a Electronic reproduction. Ann Arbor, MI : ProQuest, 2016. Available via World Wide Web. Access may be limited to ProQuest affiliated libraries.
|
| 650 |
|
0 |
|a International trade.
|
| 655 |
|
4 |
|a Electronic books.
|
| 700 |
1 |
|
|a Younsi, Hafida El,
|e author.
|
| 797 |
2 |
|
|a ProQuest (Firm)
|
| 856 |
4 |
0 |
|u https://ebookcentral.proquest.com/lib/matrademy/detail.action?docID=4815054
|z Click to View
|